Design of a phage-insensitive lactococcal dairy starter via sequential transfer of naturally occurring conjugative plasmids /
Kaydedildi:
| Diğer Yazarlar: | , , , , |
|---|---|
| Materyal Türü: | Makale |
| Dil: | English |
| Konular: | |
| Etiketler: |
Etiketle
Etiket eklenmemiş, İlk siz ekleyin!
|
| Thư viện lưu trữ: | Thư viện Trường Đại học Đà Lạt |
|---|
| LEADER | 01113nam a2200361 4500 | ||
|---|---|---|---|
| 001 | DLU090091886 | ||
| 005 | ##20091201 | ||
| 040 | # | # | |a DLU |b eng |
| 041 | # | # | |a eng |
| 044 | # | # | |a us |
| 245 | # | # | |a Design of a phage-insensitive lactococcal dairy starter via sequential transfer of naturally occurring conjugative plasmids / |c David O'Sullivan ... [et al.]. |
| 653 | # | # | |a Cheesemaking |
| 653 | # | # | |a Fermentation starter |
| 653 | # | # | |a Genetic transfer |
| 653 | # | # | |a Lactococcus lactis |
| 653 | # | # | |a Mechanism |
| 653 | # | # | |a Plasmids |
| 653 | # | # | |a Resistance |
| 700 | # | # | |a Coffey, Aidan. |
| 700 | # | # | |a Fitzgerald, Gerald F. |
| 700 | # | # | |a Hill, Colin. |
| 700 | # | # | |a O'Sullivan, David. |
| 700 | # | # | |a Ross, R. Paul. |
| 773 | # | # | |t Applied and Environmental Microbiology |g Vol. 64, no. 11 (November 1998), p. 4618-4622 |
| 920 | # | # | |a Phòng Tạp chí -- Trung tâm Thông tin - Thư viện Trường Đại học Đà Lạt |
| 994 | # | # | |a DLU |
| 900 | # | # | |a True |
| 911 | # | # | |a Trương Bảo Trâm Anh |
| 925 | # | # | |a G |
| 926 | # | # | |a A |
| 927 | # | # | |a BB |
| 980 | # | # | |a Thư viện Trường Đại học Đà Lạt |